Sduty on interoviruses of hunted primates in the northeast of cambodia, សិក្សាENTEROVIRUSESទៅលើពាននរពីអ្នកបរបាញ់នៅភូមិភាគឦសាននៃប្រទេសកម្ពុជា (Record no. 2648)

000 -LEADER
fixed length control field 00603nam a22001337a 4500
040 ## - CATALOGING SOURCE
Transcribing agency RUA
082 ## - DEWEY DECIMAL CLASSIFICATION NUMBER
Classification number AVM BUN2013 B108 Or.1
100 ## - MAIN ENTRY--AUTHOR NAME
Personal name BUN, MAIKA.
245 ## - TITLE STATEMENT
Title Sduty on interoviruses of hunted primates in the northeast of cambodia, សិក្សាENTEROVIRUSESទៅលើពាននរពីអ្នកបរបាញ់នៅភូមិភាគឦសាននៃប្រទេសកម្ពុជា
260 ## - PUBLICATION, DISTRIBUTION, ETC. (IMPRINT)
Place of publication Phnom Penh
Name of publisher RUA
Year of publication 2013
300 ## - PHYSICAL DESCRIPTION
Number of Pages viii; 37p.
Other physical details ill.
Dimensions 29cm.
856 ## - ELECTRONIC LOCATION AND ACCESS
Uniform Resource Identifier https://drive.google.com/file/d/1Rf0Q6tpmXF2kMr0GqxRyxBBWMN7b8BOQ/view?usp=sharing
942 ## - ADDED ENTRY ELEMENTS (KOHA)
Koha item type AVM
952 ## - LOCATION AND ITEM INFORMATION (KOHA)
Withdrawn status [LOCAL, KOHA] 0
952 ## - LOCATION AND ITEM INFORMATION (KOHA)
Withdrawn status [LOCAL, KOHA] 0
952 ## - LOCATION AND ITEM INFORMATION (KOHA)
Withdrawn status [LOCAL, KOHA] 0
952 ## - LOCATION AND ITEM INFORMATION (KOHA)
Withdrawn status [LOCAL, KOHA] 0
952 ## - LOCATION AND ITEM INFORMATION (KOHA)
Withdrawn status [LOCAL, KOHA] 0
952 ## - LOCATION AND ITEM INFORMATION (KOHA)
Withdrawn status [LOCAL, KOHA] 0
952 ## - LOCATION AND ITEM INFORMATION (KOHA)
Withdrawn status [LOCAL, KOHA] 0
952 ## - LOCATION AND ITEM INFORMATION (KOHA)
Withdrawn status [LOCAL, KOHA] 0
952 ## - LOCATION AND ITEM INFORMATION (KOHA)
Withdrawn status [LOCAL, KOHA] 0
952 ## - LOCATION AND ITEM INFORMATION (KOHA)
Withdrawn status [LOCAL, KOHA] 0
952 ## - LOCATION AND ITEM INFORMATION (KOHA)
Withdrawn status [LOCAL, KOHA] 0
Holdings
Permanent Location Date acquired Koha item type Lost status Shelving location Barcode Current Location Full call number
Library Block B2015-10-24AVM B108RUA018143Library Block BAVM BUN2013 B108 Or.1
Library Block B2015-10-24AVM B108RUA018071Library Block BAVM BUN2013 B108 Or.2
Library Block B2015-10-24AVM B108RUA008981Library Block BAVM BUN2013 B108 Or.3
Library Block B2015-10-24AVM B108RUA008907Library Block BAVM BUN2013 B108 Or.4
Library Block B2015-10-24AVM B108RUA008835Library Block BAVM BUN2013 B108 Or.5
Library Block B2015-10-24AVM B108RUA008763Library Block BAVM BUN2013 B108 Or.6
Library Block B2015-10-24AVM B108RUA008983Library Block BAVM BUN2013 B108 Or.7
Library Block B2015-10-24AVM B108RUA008764Library Block BAVM BUN2013 B108 Or.8
Library Block B2019-06-19AVM B1.238A40301Library Block BAVM BUN 2013 B1.238 Or.1
Library Block B2019-06-29AVM B1.238A35610Library Block BAVM BUN2013 B1.238 Or.1
Library Block B2019-07-12AVM B1.230A35683Library Block BAVM BUN2013 B1.230 Or.1
មជ្ឈមណ្ឌលឯការនៃសាកលវិទ្យាល័យភូមិន្ទកសិកម្មចំការដូង

Powered by Koha